| 000 | 00671nam a2200229 a 4500 | ||
|---|---|---|---|
| 999 |
_c612 _d612 |
||
| 005 | 20191217041552.0 | ||
| 008 | 151125b xxu||||| |||| 00| 0 spa d | ||
| 040 |
_aCO-BoIAVH _cCO-BoIAVH |
||
| 041 | _aspa | ||
| 044 | _ack | ||
| 090 |
_aIND-I- _b13 |
||
| 100 | _aArnolli, Berend Menno | ||
| 245 | 1 | 0 |
_aAnálisis de la situación forestal de Colombia: _bparte I |
| 260 |
_aBogotá _bInderena _c1977 |
||
| 300 | _a145. páginas | ||
| 650 | _aRecursos forestales | ||
| 650 | _aAnálisis económico | ||
| 650 | _aAprovechamiento forestal | ||
| 650 | _aBosques plantados | ||
| 650 | _aComercio de especies | ||
| 942 |
_cINFORME _2z |
||